[Event "Bundesliga 0405"]
[Site "Germany"]
[Date "2005.01.30"]
[Round "9.5"]
[White "Nyback, Tomi"]
[Black "Vuckovic, Aleksandar"]
[Result "1-0"]
[WhiteElo "2554"]
[BlackElo "2325"]
[Annotator "Ftacnik,L"]
[PlyCount "59"]
[EventDate "2004.11.12"]
[EventType "team-tourn"]
[EventRounds "15"]
[EventCountry "GER"]
[SourceTitle "CBM 106"]
[Source "ChessBase"]
[SourceDate "2005.06.06"]
[SourceVersion "1"]
[SourceVersionDate "2005.06.06"]
[SourceQuality "1"]
[WhiteTeam "Werder Bremen"]
[BlackTeam "Stuttgart"]
[WhiteTeamCountry "GER"]
[BlackTeamCountry "GER"]

1. d4 Nf6 2. c4 e6 3. Nc3 d5 4. Nf3 c6 5. e3 Nbd7 6. Qc2 a6 7. c5 e5 8. dxe5 {
Black has began to feel pressure in quite a few lines of a6 system. Vuckovic
strives to solve the problems of the center with immediate action.} Ng4 9. Na4
(9. e6 fxe6 10. Bd3 Ngf6 11. Ng5 Nxc5 12. Bxh7 Nxh7 13. Qg6+ Kd7 14. Nf7 Qh4
15. g3 Qh3 16. Nxh8 Kc7 17. Nf7 Bd7 18. Ne5 Be8 19. Qc2 Bd6 20. Ne2 Ne4 {
0-1 Radjabov,T-Grischuk,A/Bastia 2003/ (35)}) 9... Ngxe5 (9... Nxc5 10. Nxc5
Qa5+ 11. Bd2 Qxc5 12. Bc3 f6 13. exf6 Nxf6 14. Bd3 $14) 10. Nxe5 Nxe5 11. Nb6
Rb8 12. Bd2 {Nyback decides for the bit complicated development of the dark
squared bishop, this might have cost him potential advantage.} (12. b4 $5 Be7 (
12... Be6 13. Bb2 Qc7 14. Be2 f6 15. O-O Be7 16. e4 $1 $16) 13. Bb2 Bf6 14.
Nxc8 Qxc8 15. Be2 O-O 16. O-O $14) 12... Nd7 (12... Bg4 $5 13. b4 Be7 14. Bc3
Bf6 $11) 13. Nxd7 Bxd7 14. Bc3 f6 $6 {[%mdl 32] It was much better to avoid
weakening of the b1-h7 diagonal with the active move 14...Qg5!} (14... Bxc5 15.
Bxg7 Qa5+ 16. Kd1 Rg8 17. Qxh7 Ke7 18. Be5 $16) (14... Qg5 $1 15. Bd4 b6 16.
cxb6 Bb4+ 17. Kd1 O-O $11) 15. b4 a5 (15... b6 16. Bxa6 $1 (16. cxb6 Qxb6 17.
a3 c5 $11) 16... bxc5 17. bxc5 Bxc5 18. Bd3 Bb4 19. O-O Bxc3 20. Qxc3 $14) 16.
a3 (16. Bd3 axb4 17. Bxb4 b6 18. Bxh7 $16) 16... axb4 (16... b6 17. Bd3 bxc5
18. Bxh7 cxb4 19. Bg6+ Ke7 20. axb4 axb4 21. Bd4 $16) 17. axb4 b6 18. Bd4 bxc5
19. bxc5 g6 {In the end black did not manage to get any compensation for the
compromised pawn structure.} (19... Ra8 20. Rxa8 Qxa8 21. Bd3 Qa5+ 22. Ke2 $16)
20. Bd3 Bg7 21. h4 $1 Kf7 $6 (21... Qe7 $5 22. h5 f5 23. Qc3 O-O 24. hxg6 hxg6
25. Ra7 $16) 22. h5 $1 {The defender will not be able to hold all the lines
that white threatens to use for an attack.} f5 23. Bxg7 Kxg7 24. Ra7 Rf8 25. g4
$1 (25. hxg6 hxg6 26. Qa4 $18) 25... Rf7 (25... fxg4 26. hxg6 h6 27. Bf5 $18)
26. Qc3+ Kh6 {Absurd retreat of the king, but any other move also loses right
away.} 27. hxg6+ Kxg6 28. gxf5+ Rxf5 29. Rg1+ Kh5 30. Be2+ 1-0

[Event "Orel"]
[Site "Orel"]
[Date "1994.??.??"]
[Round "9"]
[White "Legky, Nikolay A"]
[Black "Yagupov, Igor"]
[Result "1/2-1/2"]
[WhiteElo "2525"]
[BlackElo "2430"]
[Annotator "Gagarin,V"]
[PlyCount "102"]
[EventDate "1994.??.??"]
[EventType "tourn"]
[EventRounds "11"]
[EventCountry "RUS"]
[EventCategory "8"]
[SourceTitle "CBM 042"]
[Source "ChessBase"]
[SourceDate "1994.10.01"]
[SourceVersion "1"]
[SourceVersionDate "1994.10.01"]
[SourceQuality "1"]

1. d4 d5 2. c4 c6 3. Nf3 Nf6 4. Nc3 e6 5. e3 Nbd7 6. Qc2 Bd6 7. Be2 O-O 8. O-O
Re8 9. Rd1 Qe7 10. c5 $5 $146 (10. b3 b6 (10... dxc4 11. Bxc4 b5 12. Bd3 Bb7
13. Bb2 a6 $14) 11. e4 Nxe4 12. Nxe4 dxe4 13. Qxe4 Bb7 {Kramnik}) (10. e4 dxe4
11. Nxe4 Nxe4 12. Qxe4 e5 13. Bg5 Qf8 $1 (13... f6 14. Be3 (14. Bh4 exd4 15.
Qxd4 Bc5 16. Qc3 Nf8 $10 {Mainwald,JU-Kramnik,V/Guarapuava/1991/}) (14. Bd3 $5)
14... exd4 15. Qxe7 Bxe7 16. Nxd4 Bc5 $10 (16... Nc5 $10 {Sveshnikov})) 14. Bd3
f5 $1 15. Qh4 $8 (15. Qxf5 $4 Nf6 $19 {Huebner,R-Kasparov,G/Koln (TV-m/2)/1992/
0-1 (15)}) 15... e4 16. c5 $8 exd3 $1 (16... Bxc5 17. Bc4+ Kh8 18. dxc5 exf3
19. Bf4 $1 Qf6 $1 (19... b5 20. cxb6 (20. Bb3 a5 21. Bd6 (21. a4 $5 $44) 21...
Qf6 22. Qh5 g6 23. Qxf3 a4 24. Bc2 Qxb2 25. Bd3 Bb7 26. Rab1 $44 {Baikov,
V-Gagarin,V/Moscow(ch)/1989/0,5 (51)/}) 20... Nxb6 21. Bd6 Qf6 22. Qxf6 gxf6
$14 {^^_|_}) 20. Re1 Re4 21. Rxe4 fxe4 22. Qxf6 Nxf6 23. Rd1 Bf5 $15 {Glek,
I-Sendera,J/Warsaw/1989/0-1 (51)}) 17. cxd6 Qxd6 18. Rxd3 Re4 $15 {/\ Nf8,
Be6-d5}) (10. h3 $5 b6 (10... dxc4 11. Bxc4 a6 12. e4 $14) (10... h6 11. a3 a6
12. b3 $14) 11. e4 dxe4 12. Nxe4 Nxe4 13. Qxe4 Bb7 14. Bf4 $14) (10. a3 b6 (
10... h6 11. h3 $14) 11. e4 dxe4 12. Nxe4 Nxe4 13. Qxe4 Bb7 14. Bf4 $14) 10...
Bc7 11. e4 Nxe4 (11... e5 $5 12. exd5 Nxd5 13. Nxd5 cxd5 14. dxe5 Nxe5 $132)
12. Nxe4 dxe4 13. Qxe4 e5 (13... Nf6 $14) 14. Bg5 Qf8 (14... f6 $5) 15. Bd3 g6
(15... f5 $5 16. Qxf5 Nf6 17. Bc4+ Kh8 18. Qc2 exd4 $14) 16. Re1 $36 h6 17. Bc4
$1 Kg7 (17... hxg5 18. Qxg6+ Kh8 19. Bxf7 Re7 20. Nxg5 $18) 18. Bd2 Nf6 (18...
f5 19. Qh4 Qh8 (19... g5 20. Nxg5 $1 hxg5 21. Qxg5+ Kh7 22. Qh5+ $18) 20. dxe5
Nxe5 21. Bc3 Kh7 22. Ng5+ Kg7 23. Nf7 $18) 19. Qh4 Ng8 (19... g5 $2 20. Nxg5
$18) 20. Qg3 Ne7 21. Nxe5 (21. dxe5 $5 Nf5 22. Qf4 Qxc5 (22... g5 23. Nxg5 $1
hxg5 24. Qxg5+ Kh8 (24... Kh7 25. Bd3 $18) 25. Qh5+ Kg8 26. Bd3 Rd8 27. Bxf5
Bxf5 28. Qxf5 Rxd2 29. Qg5+ $18) 23. g4 g5 24. Nxg5 $1 hxg5 25. Qxg5+ Kf8 (
25... Kh7 26. Bd3 $18) (25... Kh8 26. Bxf7 $18) 26. Rac1 $1 Qe7 27. Qh5 $1 Bxe5
28. Rxe5 $18) 21... Nf5 22. Nxg6 $6 (22. Qc3 $5 $16) 22... Rxe1+ 23. Rxe1 Qd8
24. Qc3 Kxg6 25. g4 Qh4 26. Qf3 Qxh2+ 27. Kf1 Ng3+ $1 28. fxg3 Qh3+ 29. Kg1
Qxg3+ 30. Qxg3 Bxg3 31. Re8 Rb8 32. Rg8+ Kh7 33. Bxf7 Bd7 34. Rxb8 Bxb8 35. Bh5
Be6 $14 {>< g4,d5} 36. a3 Bc7 37. Kf2 Bd8 38. Bf4 Bg5 39. Ke3 Kg7 40. Ke4 Kf6
41. Be5+ Ke7 42. Kd3 Bc1 43. Kc2 Be3 44. Kc3 Bc1 45. Bb8 a6 46. Be5 Be3 47. Kb4
Bd2+ 48. Ka4 Kd7 49. Bg7 Kc8 50. Bf6 Kd7 51. Be5 Kc8 {x g4} 1/2-1/2

[Event "Bermuda"]
[Site "Bermuda"]
[Date "2004.01.16"]
[Round "2"]
[White "Gelfand, Boris"]
[Black "Shabalov, Alexander"]
[Result "1-0"]
[WhiteElo "2709"]
[BlackElo "2623"]
[Annotator "Gelfand,B"]
[PlyCount "49"]
[EventDate "2004.01.15"]
[EventType "tourn"]
[EventRounds "10"]
[EventCountry "BER"]
[EventCategory "16"]
[SourceTitle "CBM 099"]
[Source "ChessBase"]
[SourceDate "2004.03.30"]
[SourceVersion "1"]
[SourceVersionDate "2004.03.30"]
[SourceQuality "1"]

1. d4 {Lutz} d5 2. c4 c6 3. Nc3 Nf6 4. Nf3 e6 5. e3 Nbd7 6. Qc2 Bd6 7. g4 dxc4
8. Bxc4 b6 {'?!' Lutz.} 9. e4 {Lutz: 'Dieser Zug aus der ersten Matchpartie
Kasparov-DEEP JUNIOR lässt ernsthafte Zweifel an der Tauglichkeit von 8...b6?!
aufkommen. Vermutlich muss Schwarz vorher nach Alternativen suchen.'} Bb7 (9...
e5 10. g5 Nh5 11. Be3 O-O 12. O-O-O Qc7 13. d5 b5 14. dxc6 bxc4 15. Nb5 Qxc6
16. Nxd6 Bb7 17. Qc3 $16 {Kasparov,G-Deep Junior,New York,2003}) (9... Nxg4 {
Lutz} 10. e5 Bb4 11. Rg1 h5 12. h3 c5 13. Qe4 cxd4 14. Nxd4 Ndxe5 15. Bb5+ Kf8
16. Qxa8 $18 {0-1 Vafiadis,K-Lazic,M/Kavala 1996/EXT 2003 (47)}) (9... c5 {Lutz
} 10. g5 Nh5 11. Be3 O-O 12. O-O-O cxd4 13. Nxd4 Bf4 14. Rhg1 $36 {1-0
Kempinski,R-Gradalski,P/Biala Podlaska 1994/EXT 2001 (29)}) 10. e5 {'!' Lutz.
Lutz: 'Der prinzipiellste Zug, Weiß lässt sich offenen Auges auf die
Komplikationen ein.'} (10. g5 {'!?' Lutz.} Nh5 11. Be3 Qc7 (11... b5 $5 {Lutz}
12. Bb3 a5 13. Qd2 O-O 14. Bc2 Nb6 15. Qd3 g6 16. O-O-O Ba6 17. Qd2 Nc4 18. Qe1
a4 19. Kb1 b4 20. Nxa4 Bb5 21. Nc5 Rxa2 22. Kxa2 Qa5+ 23. Kb3 Bxc5 24. Ra1 Nb6
$1 {0-1 Dao Thien Hai-McDonald,N/Budapest 1996/CBM 52 ext (24)}) 12. Be2 Nf4
13. Bf1 f6 14. O-O-O O-O-O {'+/=' Lutz. Lutz: '1/2-1/2 Malakhov,V-Najer,E/
Moscow 2003/CBM 95/[Lutz] (73)'} 15. Kb1 Kb8 16. Rg1 a6 17. Rg4 Ng6 18. h4 Rhf8
$14 {Malakhov,V-Najer,E,Moscow-ch,2003.}) 10... c5 11. exf6 (11. Be2 {Lutz}
cxd4 12. exf6 dxc3 13. fxg7 Rg8 14. Qxh7 Nf6 15. Qh6 Bxf3 16. Bxf3 Be5 17. O-O
cxb2 18. Bxb2 Bxb2 19. Rad1 Qc7 $2 (19... Qc8 $5 20. Rc1 Qd8 21. Rcd1 $11) 20.
Bxa8 Nxg4 21. Qh4 Bf6 22. Qg3 Ne5 23. Kh1 $16 {1/2-1/2 Inarkiev,E-Grachev,B/St
Petersburg 2001/CBM 82 ext (45)}) 11... Bxf3 (11... Qxf6 $2 12. Be2 Bxf3 13. g5
) 12. fxg7 Rg8 13. Qxh7 Nf6 14. Bb5+ Ke7 15. Bg5 Bf4 $1 {0.5,Barsov,
A-Kohlweyer,B,Porto St Giorgio,2002} (15... cxd4 {Barsov,A-Reefat,S,Calcutta,
2001} 16. Ne4 (16. Qh6 $1 Be5 17. Ne4 Bxe4 18. f4 Qd5 19. fxe5 Qxe5 20. O-O $18
{Golubev,M}) 16... Be5 $140 (16... Bxe4 17. Qxe4) 17. Bc6 $5 Bxh1 18. f4 $1
Bxe4 19. fxe5 $1 Bxh7 20. Bxf6#) (15... Bxh1 $2 16. Qh6) 16. Qh3 $1 (16. Bxf6+
$2 Kxf6 $13) 16... Bxh1 (16... Bxg5 17. Qxf3 $18) 17. Bxf4 Qxd4 (17... Rxg7 18.
dxc5 bxc5 19. Rd1 Nd5 20. f3 $18) 18. Qg3 Ne4 19. Qh4+ (19. Nxe4 $5 Qxe4+ 20.
Kf1 $44) (19. Bg5+ $2 Nxg5 20. Rd1 Qe5+ $1 21. Qxe5 Nf3+) 19... Qf6 (19... Nf6
20. Rd1 Qxf4 21. Rd7+) ({and} 19... f6 20. Rd1) 20. g5 Qf5 $2 (20... Qg6 21.
O-O-O Rad8 22. Rxh1 Rd4 23. Be5 $18) (20... Qxg7 $1 21. O-O-O (21. Nxe4 Bxe4
22. g6+ f6 23. Bd6+ Kxd6 24. Qxe4 Rad8 $1 25. Rd1+ (25. Qc6+ Ke5) 25... Kc7 26.
Qxe6 $15) 21... Rad8 $1 (21... Rh8 $2 22. Nxe4 $3 Rxh4 (22... Rad8 23. Rxd8
Rxh4 24. Re8#) 23. Bd6+ Kd8 24. Be5+ Ke7 25. Bxg7 Bxe4 26. Rd7+ Ke8 27. g6 $1 {
/\gxf7X} fxg6 28. Rxa7+ Kd8 29. Bf6+ $18) 22. Rxh1 (22. g6+ f6 23. Rxh1 Rh8 (
23... Nxc3 24. bxc3 Qxg6 25. Be3 $16) 24. Qg4 Nxf2 25. Qf3 Nxh1 26. Qxh1 (26.
Bd6+ $5 Kxd6 27. Qc6+ Ke5 28. Qe4+ Kd6 $11) (26. Qb7+ $6 Kf8 27. Bd6+ Kg8 $1)
26... Qxg6 27. Qb7+ Kf8 28. Qxa7 $13) 22... Rh8 23. Be5 $1 (23. Qg4 Nxc3) 23...
Qxe5 $1 (23... Rxh4 24. Bxg7 Nxg5 25. Be5 $1 $14) 24. Qxe4 Qxg5+ 25. f4 Qf6 26.
Kb1 Kf8 $13) 21. O-O-O Rad8 (21... Nxc3 22. Rd7+ Ke8 23. bxc3) 22. Rxd8 (22.
Rxh1 Nxc3 (22... Rd4 23. Ne2 $1 Rb4 24. Qh8) 23. bxc3 Qd5 24. Qh6 $1 Qxh1+ 25.
Kb2 $18) 22... Kxd8 (22... Rxd8 23. Nxe4 (23. Bd3) 23... Qxe4 24. g6+ f6 25.
g8=N+ $3 Rxg8 26. Qh7+) 23. Bd3 Rxg7 24. Nxe4 (24. Qh8+ Ke7 25. Bd6+ $1 Kxd6
26. Qb8+ $1 Ke7 27. Qc7+) 24... Rh7 25. Bc7+ $1 (25. Bc7+ Kxc7 26. Qg3+ e5 (
26... Kc6 27. Qd6+ Kb7 28. Qd7+) 27. Nf6 $18) 1-0

[Event "Corus"]
[Site "Wijk aan Zee"]
[Date "2002.01.12"]
[Round "1"]
[White "Gelfand, Boris"]
[Black "Lautier, Joel"]
[Result "1-0"]
[WhiteElo "2703"]
[BlackElo "2687"]
[Annotator "Gelfand,B"]
[PlyCount "55"]
[EventDate "2002.01.12"]
[EventType "tourn"]
[EventRounds "13"]
[EventCountry "NED"]
[EventCategory "18"]
[SourceTitle "CBM 087"]
[Source "ChessBase"]
[SourceDate "2002.03.21"]
[SourceVersion "1"]
[SourceVersionDate "2002.03.21"]
[SourceQuality "1"]

1. Nf3 {Lutz.} d5 2. d4 Nf6 3. c4 c6 4. Nc3 e6 5. e3 Nbd7 6. Qc2 Bd6 7. g4 h6
8. Rg1 e5 $1 (8... Qe7 {Lutz} 9. h4 dxc4 10. Bxc4 b5 11. Be2 b4 $2 12. Na4 Bb7
13. e4 e5 14. g5 hxg5 15. hxg5 Nh5 16. dxe5 Nxe5 17. Nd4 g6 18. Be3 $16 {
1-0 Akopian,V-Gabriel,C/Baden-Baden 1996/CBM 55/[Hansen,Cu] (44)}) 9. cxd5 cxd5
$1 (9... Nxd5 $5 {Lutz} 10. Ne4 (10. Nxd5 {Lutz} cxd5 11. dxe5 Nxe5 12. Nxe5
Bxe5 $36) (10. dxe5 {Lutz} Nb4 11. Qb3 Nc5 12. Qd1 Bc7 13. a3 Qxd1+ 14. Kxd1
Nbd3 15. Bxd3 Nxd3 16. Ke2 Nxe5 17. Nxe5 Bxe5 18. f4 Bxc3 19. bxc3 h5 $15 {
0-1 Korneev,O-Gomez Jurado,L/Barbera del Valles 1995/EXT 97 (53)}) 10... Bb4+
11. Bd2 Bxd2+ 12. Qxd2 Qe7 13. O-O-O exd4 14. Qxd4 N7f6 15. Bd3 Nxe4 16. Bxe4
Nf6 17. Bc2 $14 {1/2-1/2 Tukmakov,V-Illescas Cordoba,M/Groningen 1993/CBM 39/
[Chekhov] (51)}) 10. g5 $5 $146 {Lutz: 'Ein neuer Zug. Als Entschädigung für
seine zerstörte Bauernstruktur erhält Weiß nun viele aktive Möglichkeiten.'} (
10. h4 e4 11. g5 hxg5 12. hxg5 exf3 13. gxf6 Nxf6 14. Bd2 g6 15. Qd1 Rh4 16.
Qxf3 Bg4 17. Rxg4 Nxg4 18. Qxd5 Qe7 19. Ne4 O-O-O 20. Nxd6+ Rxd6 21. Qc5+ Qc7
22. Qg5) (10. Nb5) (10. Bd2) 10... hxg5 11. Nxg5 Qe7 $1 (11... e4 12. h3 (12.
Nxd5 $2 Nxd5 13. Qxe4+ Ne7 14. Bc4 Nf6) 12... Nb6 13. Bd2 $13) (11... Rxh2 $6
12. Nf3 (12. Ne6 fxe6 13. Qg6+ $11) 12... Rh8 13. Rxg7 Rh1 14. Ng5 $40) (11...
exd4 {Lutz} 12. Ne6 $1 Qb6 (12... fxe6 {Lutz} 13. Qg6+ $18) 13. Nxg7+ Kf8 14.
exd4 $40) 12. Nb5 exd4 13. Nxd4 (13. Nxd6+ Qxd6 14. exd4 O-O $15) 13... Ne5 (
13... Nc5 $5) 14. Bd2 Nfg4 $2 {Lutz: 'Die Folgen dieser Abwicklung sind nicht
erfreulich für Schwarz.'} (14... Kf8 $1 15. Qb3 $5 Rxh2 (15... a5 16. Bc3) (
15... Ne4 16. Qxd5 Nxg5 17. Rxg5 Qxg5 18. Qxd6+ Kg8 $13) 16. Ngf3 Nxf3+ 17.
Nxf3 Rh6 18. Bc3 Bf5 $15) (14... Bd7 15. Qb3 $5 $13) (14... a6 $5 $13 {Lutz})
15. h3 $1 Qxg5 (15... Nf6 16. O-O-O $14) 16. hxg4 Bxg4 $2 {Lutz: 'So gewinnt
Schwarz einen Bauern, aber dafür fällt er in der Entwicklung zurück.'} (16...
Nxg4 17. O-O-O) (16... Rh2 $142 17. O-O-O (17. Bb5+ Kf8 (17... Ke7 18. Be2) 18.
O-O-O Rxf2 19. Rh1 $40) 17... Rxf2 18. Nb5 $1 (18. Rh1 Ke7 19. Rh8 $6 Qxg4 20.
Bh3 (20. Qb3 Qxd1+ 21. Kxd1 (21. Qxd1 Bg4) 21... Rxf1+ $17) 20... Qxh3 21. Rxh3
Bxh3 $44) 18... Qe7 19. Rh1 $16) 17. Be2 Qf6 (17... Qh5 18. Bxg4 Nxg4 19. Nf5 (
19. O-O-O Nxf2 20. Rdf1 Ne4 21. Rxg7 $16) 19... Be5 20. Qa4+ Kd8 21. Ba5+ Kc8
22. Rc1+ Kb8 23. Qd7 $18) 18. Bxg4 Nxg4 19. O-O-O Ne5 (19... Nxf2 {Lutz} 20.
Rdf1 $16 {/\ Be1}) 20. Bc3 {'+/-' Lutz. Lutz: 'Die Drohung ist f2-f4 nebst Nf5.
Schwarz kann dagegen wenig unternehmen.'} Rc8 (20... Rh5 {Lutz} 21. Nb5 $1 {
/\ f2-f4} a6 22. Nxd6+ Qxd6 23. Rxg7 $16) (20... Rh2 {Lutz} 21. Nf5 g6 22. Qa4+
$1 Kf8 23. Nxd6 Qxd6 24. Bb4 $18) 21. f4 Rxc3 (21... Nc4 22. Nf5 Nxe3 23. Nxe3
Bxf4 24. Bxf6 Bxe3+ 25. Kb1 Rxc2 26. Rge1 $18) (21... Ng6 {Lutz} 22. Nf5 $18)
22. Qxc3 Nc4 23. Nb5 {'+-' Lutz.} Qxc3+ 24. Nxc3 Rh2 25. Rxd5 Be7 26. Rd4 $2 (
26. Rxg7 Kf8 27. Rg1 Bf6 28. Nd1 $18) 26... Nxe3 (26... Bc5 $1 27. Re4+ Kf8 28.
Nd1 Nxb2 29. Nxb2 Ba3 30. Ra4 $16) 27. Re4 Nf5 28. Nd5 1-0

[Event "Madrid"]
[Site "Madrid"]
[Date "1996.05.15"]
[Round "7"]
[White "Gelfand, Boris"]
[Black "San Segundo Carrillo, Pablo"]
[Result "1-0"]
[WhiteElo "2700"]
[BlackElo "2535"]
[Annotator "Gelfand,B"]
[PlyCount "107"]
[EventDate "1996.05.08"]
[EventType "tourn"]
[EventRounds "9"]
[EventCountry "ESP"]
[EventCategory "17"]
[SourceTitle "CBM 053"]
[Source "ChessBase"]
[SourceDate "1996.08.01"]
[SourceVersion "1"]
[SourceVersionDate "1996.08.01"]
[SourceQuality "1"]

1. d4 {Lutz Ochoa,J} d5 2. c4 c6 3. Nc3 Nf6 4. Nf3 e6 5. e3 Nbd7 6. Qc2 Bd6 7.
g4 dxc4 8. Bxc4 b5 9. Be2 Bb7 (9... b4 {Lutz} 10. Na4 Bb7 11. g5 Nd5 12. Nc5
Bxc5 13. dxc5 Qa5 14. e4 Ne7 15. Be3 Ba6 16. Bxa6 Qxa6 17. Qe2 Qxe2+ 18. Kxe2
f5 19. gxf6 gxf6 20. Rad1 $16 {1/2-1/2 Malaniuk,V-Serper,G/WchT Luzern 
(UKR-UZB) (04) ;CBM 38 1993 (61) Lutz: Schwarz hatte hier ein ähnlich schweres
Endspiel wie in der Partie.}) 10. g5 Nd5 11. Ne4 Be7 12. Bd2 b4 (12... Rc8 {
Lutz} 13. Nc5 $1 {Lutz: ...c6-c5 muß um jeden Preis verhindert werden.} (13.
Rc1 $2 c5 14. dxc5 Nxc5 15. Nxc5 Rxc5 16. Qb3 Rxc1+ 17. Bxc1 O-O $15 {0-1
Michaelsen,N-Knaak,R/BL 9293 (1992) ;BL 90 1993 (48)}) 13... Nxc5 14. dxc5 Bxg5
15. Nxg5 Qxg5 16. O-O-O e5 17. Rhg1 Qf6 18. f4 exf4 19. Rdf1 $44 {1-0 Gabriel,
C-Mueller,Mat/BL 9495 (1994) ;BL 90 1995 (33)}) 13. Nc5 $146 (13. Rg1 a5 14.
Nc5 Bxc5 15. dxc5 Qe7 16. e4 $14 {Fylingen Borovikov,92}) 13... Nxc5 14. dxc5 {
Lutz: Meines erachtens ist diese Struktur einfach gut für Weiß. Die schwarzen
Leichtfiguren haben keine Felder.} Qc7 {Lutz: Mir ist der Sinn dieses
Einschubs nicht klar.} (14... Bxg5 15. O-O-O a5 16. Nxg5 Qxg5 17. f4 $44) (
14... Qa5 $5 15. Rc1 (15. e4 Nc7 16. Rc1 Ba6 $5 $13 (16... Na6 17. a3 Qxc5 18.
Qa4 Qb6 19. Be3 Nc5 20. Qc2 b3 $1 (20... bxa3 21. O-O axb2 22. Rb1 $16) 21. Qc3
Nxe4 22. Qxg7 Qa5+ 23. Bd2 Nxd2 24. Qxh8+ Kd7 25. Qc3 $16)) 15... Qxa2 16. e4
b3 17. Qd1 Nc7 18. Bc3 Rd8 $13 19. Nd4 (19. Nd2 Bxg5) 19... e5 20. Qxb3 Qxb3
21. Nxb3 Bxg5 $13) (14... Qa5 $5 {Lutz}) 15. Rg1 (15. a3 a5) 15... Qa5 $6 (
15... a5 $5 16. Rg4 $13 {/\E4}) 16. Rc1 Ba6 (16... Qxa2 17. e4 b3 18. Qd1 Nc7
19. Bc3 Qa4 (19... Rd8 20. Nd4) 20. Nd4 Ba6 21. Qxb3 Qxb3 22. Nxb3 Bxe2 23.
Kxe2 $16) 17. Bxa6 Qxa6 18. Qc4 (18. Qb3 $5 $16) 18... Qxc4 19. Rxc4 a5 20. e4
Nc7 21. Ne5 $6 (21. Bf4 Nb5 22. Ke2 $16) 21... Ra6 22. Bf4 Nb5 (22... f6 23.
gxf6 gxf6 24. Ng4 Nb5 {-game} (24... e5 25. Nxe5 $1)) 23. Ng4 f6 (23... O-O $14
) 24. gxf6 gxf6 25. e5 (25. Bd6 h5 26. Bxe7 Kxe7 27. Ne3 Kf7 $10) 25... f5 26.
Nf6+ Kf7 27. Bh6 Bxf6 28. exf6 Rd8 $1 29. Rh4 (29. Bg5 Nd4) 29... Nd4 30. Rg3
e5 31. Bg5 (31. Bg7 f4 (31... e4 32. Rxh7 Nf3+ 33. Ke2 $16) 32. Rgh3 f3 33. Kd2
(33. Kf1 Nf5) 33... Nf5+ $19) 31... Rh8 32. Rgh3 (32. f4 $5 e4 33. Rgh3 $13)
32... h5 $2 $138 (32... Ke6 $6 33. f4 $1 $16) (32... Ne6 $5 33. f4 exf4 34.
Bxf4 Nxf4 35. Rxf4 Kxf6 36. Rh5 Re8+ 37. Kd2 Re5 38. Rxh7 Rxc5 $15) 33. f4 Ne6
(33... exf4 $5 34. Bxf4 $14) 34. Rxh5 Rxh5 35. Rxh5 exf4 36. Bh4 Nf8 37. Kf2 $2
$138 (37. Rxf5 Ng6 38. Rh5 Nxh4 39. Rxh4 Kxf6 40. Rxf4+ $16) 37... Ra8 38. Kf3
Ng6 39. Rh7+ Ke6 40. Bg5 Rd8 $2 (40... b3 $5 {Ochoa,J} 41. axb3 (41. a3 Ne5+
42. Kxf4 Nd3+ $13) 41... Rb8 $132) 41. Rc7 $1 (41. h4 Ne5+ 42. Kxf4 Nf7) 41...
Rd3+ 42. Ke2 Rh3 43. Rxc6+ Kd5 44. Ra6 Rxh2+ 45. Kf1 Rh1+ 46. Kf2 Rh2+ 47. Kf1
Rh1+ 48. Kg2 Rh5 $2 (48... Rh7 $1 49. c6 (49. f7 Nf8 50. Rf6 Rg7) (49. Rxa5 Rh5
) 49... Ne5 50. Bxf4 (50. Rxa5+ Ke4 $132) 50... Nxc6 51. Kg3 $14) 49. f7 $1
Rxg5+ 50. Kf2 Nf8 51. c6 (51. Ra8 Nh7 (51... Ne6 52. c6 $18) 52. Rh8 Rg6 53.
Rxh7 Rf6 54. c6 $1 $18) 51... f3 (51... Kd6 52. Ra8 $16) (51... Rh5 $1 52. Ra8
Rh2+ 53. Kg1 Rc2 54. Rxf8 Ke6 55. Rh8 Kxf7 56. c7 $1 $18) 52. Ra8 Ng6 53. c7
Rg2+ 54. Kf1 1-0

[Event "Linares 26th"]
[Site "Linares"]
[Date "2009.03.06"]
[Round "13"]
[White "Ivanchuk, Vassily"]
[Black "Aronian, Levon"]
[Result "1-0"]
[WhiteElo "2779"]
[BlackElo "2750"]
[Annotator "Giri,A"]
[PlyCount "69"]
[EventDate "2009.02.19"]
[EventType "tourn"]
[EventRounds "14"]
[EventCountry "ESP"]
[EventCategory "21"]
[SourceTitle "CBM 129"]
[Source "ChessBase"]
[SourceDate "2009.03.25"]
[SourceVersion "1"]
[SourceVersionDate "2009.03.25"]
[SourceQuality "1"]

1. d4 d5 2. c4 c6 3. Nf3 Nf6 4. Nc3 e6 {The Semi Slav, one of the sharpest
openings, which has been developed a lot thanks to Anand.} 5. e3 Nbd7 {Meran...
} 6. Qc2 {Anti-Meran...} Bd6 {and now... the Anti-Anti Meran, do you think? No!
} 7. b3 {White chooses a calm and positional approach. Instead 7.g4! is sharp
and was tried by Magnus in this tournament successfully against Anand and
unsuccessfully against Aronian.} O-O 8. Be2 b6 9. O-O Bb7 10. Bb2 Rc8 11. Rac1
{Normally, to the best of my knowledge, Black puts his queen on e7, before
striking in the centre. But this move order had already been played by Anand
against Ivanchuk.} c5 12. dxc5 {Novelty.} bxc5 13. Rfd1 Qe7 14. g3 {A strong
move! Ivanchuk prepares cxd exd Nh4!} Rfd8 15. cxd5 exd5 {A structure with
hanging pawns has arisen. Hanging pawns might be weak, but they can be strong
as well.. It depends on how well the player handles them.} 16. Nh4 {As I told
you! The knight is provoking some weaknesses.} Bb8 17. Bf1 {Transporting the
bishop to g2 or h3.} Ne5 {An inaccuracy, I think ...Qe6, putting the queen on
a typical square for this structure and preventing Bh3, kept the position
equal.} 18. Bh3 Rc7 19. Bg2 d4 {Too early. Aronian just gives up a pawn. But
to be honest his position was a bit unpleasant already. Though I think, after
the best ...Rcc8! Black can hold the position.} 20. Nf5 Qe8 21. exd4 cxd4 22.
Nxd4 Bxg2 23. Kxg2 g6 24. Ne4 $1 {Nice trick, which Black could have avoided
by not playing g6. But it was very bad for Black anyway. The rest is easy for
Ivanchuk.} Qe7 25. Nxf6+ Qxf6 26. Qe2 Rxc1 27. Rxc1 Qd6 28. Qe4 (28. f4 $1 {
would win immediately.} Nd7 29. Nc6 {winning.}) 28... Qb4 29. Rc2 f5 30. Qe2
Qb7+ 31. Nc6 $1 Re8 32. Kg1 Nf3+ 33. Qxf3 Re1+ 34. Kg2 Qb5 35. Rc4 1-0